| 000 | 00839nam a2200265Ia 4500 | ||
|---|---|---|---|
| 003 | OSt | ||
| 005 | 20220912150837.0 | ||
| 006 | a|||||r|||| 00| 0 | ||
| 007 | ta | ||
| 008 | 220909b |||||||| |||| 00| 0 eng d | ||
| 024 | _a30715 | ||
| 037 | _cTextual | ||
| 040 |
_aCSL _beng _cCSL |
||
| 041 | _aeng | ||
| 082 | _aCN2p1,N76, L71 | ||
| 100 | _aMontroll E W | ||
| 111 | _aSymposium statistical mechanics and statistical methods in theory and application (1976 : Rochester) | ||
| 245 | 0 | _aProceeding on statistical mechanics and statistical methods in theory and application | |
| 260 |
_aNew York _b Plenum Press _c1977 |
||
| 300 |
_axi,814p. _ccm. |
||
| 650 | _aPhysics | ||
| 700 | _a Landman Uzi Ed. | ||
| 942 |
_hCN2p1,N76, L71 _cTEXL _2CC |
||
| 999 |
_c56040 _d56040 |
||